Risk and uncertainty in the context of accounting estimates

Účtovné odhady v kontexte audítorskej profesie s akcentom na ISA 540 (Medzinárodný audítorský štandard - Audit účtovných odhadov vrátane účtovných odhadov reálnej hodnoty a súvisiace zverejnenia), ktorý prechádza procesom revízie a novelizácie za účelom dosiahnutia globálnej transparentnosti auditu....

Ausführliche Beschreibung

Gespeichert in:
Bibliographische Detailangaben
1. Verfasser: Kňažková, Veronika, 1986-
Format: Buchkapitel
Sprache:Slowakisch
Schlagworte:
Tags: Tag hinzufügen
Keine Tags, Fügen Sie das erste Tag hinzu!

MARC

LEADER 00000naa$a2200000$$$4500
001 0236107
005 20240502073823.2
041 0 |a slo 
044 |a SK 
245 1 0 |a Risk and uncertainty in the context of accounting estimates  |c Veronika Kňažková 
520 |a Účtovné odhady v kontexte audítorskej profesie s akcentom na ISA 540 (Medzinárodný audítorský štandard - Audit účtovných odhadov vrátane účtovných odhadov reálnej hodnoty a súvisiace zverejnenia), ktorý prechádza procesom revízie a novelizácie za účelom dosiahnutia globálnej transparentnosti auditu. Objasnenie významu a opodstatnenosti štandardu ISA 540 ako súčasti legislatívneho rámca auditu, odhalenie príčin, ale aj možných dôsledkov zdokonalenia štandardu. 
610 2 0 |a audítori 
610 2 0 |a štandardy audítorské medzinárodné 
610 2 0 |a účtovanie 
610 2 0 |a odhady 
100 1 |a Kňažková, Veronika, 1986-